000 00932nam a2200241 i 4500
003 IT-RoINE
005 20160330191020.0
008 150202s2014 sp |r||||o000 0bspa d
020 _a9788498284775
040 _aSpMaBN
_cSpMaBN IT-RoINE
_erdc
_dIT-RoINE
100 1 _aFranco Silva, Alfonso
_97294
245 1 3 _aEl arzobispo de Toledo, Alonso Carrillo :
_bun prelado belicoso del siglo XV, apasionado por la riqueza y el poder /
_cAlfonso Franco Silva.
260 _aCádiz :
_bUniversidad de Cádiz,
_c2014.
300 _a166 p. ;
_c20 cm.
336 _aTexto (visual)
_2isbdcontent
337 _2rdamedia
_aunmediated
338 _2rdacarrier
_avolume
490 1 _aMonografías. Historia y arte
600 1 4 _aCarrillo de Acuña, Alfonso,
_d1410-1482
_xBiografía
_923201
650 4 _aClero
_zEspaña
_xHistoria
_ySiglo 15o.
_923202
830 0 _913010
_aMonografías (Universidad de Cádiz).
_pHistoria y arte
942 _cMTS
999 _c11343
_d11343